[Event "20th Heraklion IT Open 2017"]
[Site "Heraklion"]
[Date "2017.04.17"]
[Round "1"]
[White "Antic, Dejan"]
[Black "Kellner, Nikolaus"]
[Result "1-0"]
[WhiteElo "2472"]
[BlackElo "1700"]
[Annotator "TA"]
[PlyCount "57"]
[EventDate "2017.??.??"]
[EventType "swiss"]
[EventCountry "GRE"]
[SourceTitle "playchess.com"]
[Source "ChessBase"]
[SourceQuality "1"]

{[%evp 15,57,68,64,38,83,89,153,164,163,164,179,156,157,152,175,175,170,166,169,166,166,146,145,124,205,123,129,125,173,166,234,235,234,227,224,226,275,273,605,142,412,109,416,410]} 1. d4 f5 2. g3 Nf6 3. Bg2 e6 4. Nf3 c5 5. O-O cxd4 6. Nxd4 Be7 7. c4 O-O 8. Nc3 Nc6 9. Bf4 {A10: English Opening: Unusual Replies for Black} (9. b3 a6 10. Bb2 Qc7 11. Rc1 f4 12. Ne4 fxg3 13. hxg3 Qa5 14. Nxc6 dxc6 15. Qc2 Qh5 16. Nxf6+ gxf6 {1-0 (30) Czarnota,P (2535)-Galmandakh,B (2253) Guimaraes 2012}) 9... Nxd4 10. Qxd4 Qb6 $146 (10... d6 $142) (10... d6 11. Qd3 e5 12. Bg5 Kh8 13. Rad1 Be6 14. b3 e4 15. Qd2 Qd7 16. f3 exf3 17. exf3 {½-½ (67) Cichy,M-Strohmeier,M Germany 1991}) 11. Qxb6 $16 {White is clearly better.} axb6 12. Rfd1 Ne8 13. a3 d6 14. Nb5 e5 15. Be3 Ra6 16. Bd5+ Kh8 17. f4 Nf6 18. Nc7 Nxd5 19. cxd5 exf4 (19... Ra4 $16 {was necessary.}) 20. Bxf4 (20. gxf4 $6 Ra4 $14) 20... Ra4 {[#]} 21. Nb5 $1 Re4 22. Bxd6 (22. Nxd6 $6 Rxf4 23. Nxc8 Bc5+ 24. Kh1 Re4 $14) 22... Bxd6 (22... Bd7 {was worth a try.}) 23. Nxd6 $18 Rxe2 24. Rac1 Bd7 25. Rc7 Ba4 26. Rd4 Bc2 $2 (26... Rc2) 27. Rf7 $2 (27. Rxb7 h6 28. Rxb6 Be4 $18) (27. Kf1 $18 Rxh2 28. Nf7+ (28. Rxb7 Kg8 $16) 28... Kg8 29. d6 Rh1+ 30. Kf2 Rh2+ 31. Kg1) 27... Rxf7 $4 {[%mdl 8192]} (27... Kg8 $16 28. Rxf8+ (28. Rxb7 g5 $16) 28... Kxf8) 28. Nxf7+ Kg8 {[#]} 29. d6 $1 1-0

[Event "20th Heraklion IT Open 2017"]
[Site "Heraklion"]
[Date "2017.04.17"]
[Round "1"]
[White "Sredojevic, Ivan"]
[Black "Spirou, Gerasimos"]
[Result "1-0"]
[WhiteElo "2351"]
[BlackElo "1692"]
[Annotator "TA"]
[PlyCount "49"]
[EventDate "2017.??.??"]
[EventType "swiss"]
[EventCountry "GRE"]
[SourceTitle "playchess.com"]
[Source "ChessBase"]
[SourceQuality "1"]

{[%evp 24,49,39,32,58,50,60,59,145,168,167,173,216,260,357,387,316,253,457,376,427,419,577,560,1866,1827,29995,29996]} 1. e4 e6 2. d4 d5 3. Nc3 Nf6 4. Bg5 Be7 5. e5 Nfd7 6. Bxe7 Qxe7 7. f4 a6 8. Nf3 c5 9. Qd2 Nc6 10. dxc5 Qxc5 11. Bd3 b5 12. a3 Bb7 {C14: French: Classical System: 4 Bg5 Be7 main line} 13. Ne2 {LiveBook: 4 Games} f6 $146 {[%cal Rf6e5]} (13... O-O 14. Ned4 Nxd4 15. Nxd4 Rae8 16. Qe3 f6 17. O-O-O fxe5 18. fxe5 Qe7 19. h4 b4 20. axb4 Qxb4 {1-0 (32) Svidler,P (2688)-Short,N (2663) Dubai 2002}) 14. exf6 (14. Ned4 $5 {feels hotter.} Nxd4 15. Nxd4 Qb6 16. Rf1 O-O 17. exf6 Rxf6 18. O-O-O) 14... gxf6 {[#]White is slightly better.} 15. Ned4 $1 {[%mdl 512]} e5 (15... Nxd4 $14 16. Nxd4 Qb6) 16. fxe5 $16 Nxd4 17. Nxd4 fxe5 (17... Qxd4 $2 18. Bg6+ $1 {[%mdl 512]} hxg6 19. Qxd4 $18) 18. Ne6 Qb6 {[#]} 19. Bf5 $1 ({Weaker is} 19. Ng7+ Kd8 $14) 19... Rg8 20. Qh6 Ke7 $2 (20... Rg6 21. Qh5 (21. Bxg6+ hxg6 22. Ng7+ Kd8 $18) (21. Qxh7 Rxe6 22. Bxe6 Qxe6 $17) 21... Rc8) 21. Qxh7+ Kd6 {White must now prevent ...Qe3+.} 22. O-O-O Qe3+ 23. Kb1 Rxg2 {[#]} 24. Nf4 $1 {[%mdl 512]} Rh8 (24... Qxf4 25. Qxd7+) 25. Qxd7+ 1-0

[Event "20th Heraklion IT Open 2017"]
[Site "Heraklion"]
[Date "2017.04.17"]
[Round "1"]
[White "Martorelli, Antonio"]
[Black "Koumis, Filippos"]
[Result "1-0"]
[WhiteElo "2220"]
[BlackElo "1663"]
[Annotator "NA"]
[PlyCount "45"]
[EventDate "2017.??.??"]
[EventType "swiss"]
[EventCountry "GRE"]
[SourceTitle "playchess.com"]
[Source "ChessBase"]
[SourceQuality "1"]
[TimeControl "40/5400+30:1800+30"]

1. e4 {[%emt 0:01:27]} c6 {[%emt 0:04:27]} 2. d4 {[%emt 0:00:25]} d5 {[%emt 0:00:15]} 3. Nc3 {[%emt 0:00:16]} dxe4 {[%emt 0:00:19]} 4. Nxe4 {[%emt 0:00:07]} Nf6 {[%emt 0:00:37]} 5. Nxf6+ {[%emt 0:00:09]} gxf6 {[%emt 0:00:17]} 6. Bc4 {[%emt 0:01:54]} Bf5 {[%emt 0:06:08]} 7. Nf3 {[%emt 0:00:06]} Nd7 {[%emt 0:01:16]} 8. O-O {[%emt 0:00:14]} Bg7 {[%emt 0:01:32]} 9. Nh4 {[%emt 0:00:39]} Bg6 {[%emt 0:01:13]} 10. Qg4 {[%emt 0:09:47]} Nb6 {[%emt 0:20:09]} 11. Bb3 {[%emt 0:02:02]} O-O {[%emt 0:03:22]} 12. Nxg6 {[%emt 0:06:19]} hxg6 {[%emt 0:00:09]} 13. Qxg6 {[%emt 0:00:51]} Qxd4 {[%emt 0:01:56]} 14. Bh6 {[%emt 0:01:45]} f5 {[%emt 0:00:16]} 15. Bxg7 {[%emt 0:03:25]} Qxg7 {[%emt 0:00:16]} 16. Qxf5 {[%emt 0:00:11]} e6 {[%emt 0:04:05]} 17. Qf4 {[%emt 0:01:17]} Qxb2 {[%emt 0:01:40]} 18. Rae1 {[%emt 0:00:22]} Nd7 {[%emt 0:08:50]} 19. Re3 {[%emt 0:02:51]} Qf6 {[%emt 0:00:27]} 20. Rg3+ {[%emt 0:04:27]} Kh8 {[%emt 0:00:39]} 21. Rh3+ {[%emt 0:00:32]} Kg7 {[%emt 0:00:26]} 22. Qg3+ {[%emt 0:01:02]} Qg6 {[%emt 0:00:09]} 23. Qd6 {[%emt 0:00:13]} 1-0

[Event "20th Heraklion IT Open 2017"]
[Site "Heraklion"]
[Date "2017.04.17"]
[Round "1"]
[White "Lirindzakis, Timotheos"]
[Black "Papidakis, Georgios"]
[Result "1-0"]
[WhiteElo "2177"]
[BlackElo "1618"]
[Annotator "TA"]
[PlyCount "97"]
[EventDate "2017.??.??"]
[EventType "swiss"]
[EventCountry "GRE"]
[SourceTitle "playchess.com"]
[Source "ChessBase"]
[SourceQuality "1"]

{[%evp 20,97,51,47,81,60,59,47,56,43,61,56,55,64,164,162,179,170,163,161,160,156,350,353,1003,984,845,120,120,120,118,122,119,110,109,97,118,118,120,120,120,122,120,118,120,118,118,124,170,120,570,547,547,543,1602,1574,1378,1679,29954,5401,29972,29975,29982,29983,29983,29977,29982,29978,29979,29980,29980,29980,29980,29981,29986,29980,29987,29988,29988,29989]} 1. d4 Nf6 2. c4 e6 3. Nf3 Bb4+ 4. Bd2 Qe7 5. g3 O-O 6. Bg2 Bxd2+ 7. Qxd2 d6 8. Nc3 e5 9. O-O a5 10. e4 {E11: Bogo-Indian} Nbd7 11. Rfe1 {LiveBook: 3 Games} Nb6 $146 (11... c6 12. Rad1 Re8 13. h3 a4 14. Nh4 g6 15. Bf1 Nf8 16. d5 c5 {0-1 (53) McKay,R (2344)-Rozentalis,E (2553) Acqui Terme 2015}) 12. b3 {White is better.} a4 13. h3 axb3 14. axb3 Bd7 15. Qe3 Rxa1 16. Rxa1 Ra8 (16... exd4 $14 17. Nxd4 Qd8) 17. Rxa8+ $18 Nxa8 18. dxe5 dxe5 19. Qa7 Nb6 20. Qxb7 Qb4 $2 (20... Qd6 $16 {keeps fighting.} 21. Qa7 h6) 21. Qxc7 Qxb3 $2 (21... Qxc3 22. Qd8+ (22. Nxe5 Be8 $14) 22... Be8) 22. c5 ({Weaker is} 22. Qxe5 Qxc4 23. Bf1 Qc8 $16) 22... Qxc3 23. cxb6 $2 (23. Qd8+ $18 {is the precise move to win.} Ne8 24. cxb6) 23... Qxc7 $16 24. bxc7 $18 {[%mdl 4096] Endgame KBN-KBN} Ne8 {intending ...f6.} 25. Nxe5 Be6 26. Bf1 (26. f4 $5 {is more complex.} Nxc7 27. Nf3 f6 28. Kf2 Bd7 29. Ke3) 26... Nxc7 27. Bc4 Bxc4 28. Nxc4 $16 {KN-KN} Kf8 29. f4 {[%cal Bf2f4,Bf4f5][%mdl 32]} Ke7 30. Kf2 h5 31. Ke3 Nb5 32. Nb6 Ke6 33. f5+ Kf6 34. Nd5+ Kg5 $2 {[%mdl 8192] [#]} (34... Ke5 $16) 35. h4+ $1 $18 Kh6 36. e5 g5 37. Kd3 (37. e6 fxe6 38. fxe6 gxh4 39. gxh4 Kg6) 37... gxh4 38. gxh4 Na3 39. Nf4 Nb5 40. Kc4 {White mates.} Nc7 41. Kc5 Ne8 42. Ne2 Ng7 43. Ng3 Kh7 44. Kd6 Kh8 45. Kd7 Kh7 46. e6 fxe6 47. fxe6 Kg6 48. e7 Kf7 {[#]} 49. Nf5 $1 {[%mdl 512]} 1-0

[Event "20th Heraklion IT Open 2017"]
[Site "Heraklion"]
[Date "2017.04.17"]
[Round "1"]
[White "Moshovakis, Aggelos"]
[Black "Galanakis, Nikolaos"]
[Result "1-0"]
[WhiteElo "2030"]
[BlackElo "1399"]
[Annotator "NA"]
[PlyCount "59"]
[EventDate "2017.??.??"]
[EventType "swiss"]
[EventCountry "GRE"]
[SourceTitle "playchess.com"]
[Source "ChessBase"]
[SourceQuality "1"]
[TimeControl "40/5400+30:1800+30"]

1. e4 {[%emt 0:00:00]} e6 {[%emt 0:00:29]} 2. d3 {[%emt 0:00:00]} d5 {[%emt 0:04:40]} 3. Nd2 {[%emt 0:00:00]} Nf6 {[%emt 0:02:34]} 4. Ngf3 {[%emt 0:00:15]} Be7 {[%emt 0:05:27]} 5. g3 {[%emt 0:00:06]} O-O {[%emt 0:05:05] C00: French: Unusual White 2nd moves} 6. Bg2 {[%emt 0:00:09]} Nbd7 {[%emt 0:07:40]} (6... c5 7. O-O Nc6 8. Re1 Qc7 9. Qe2 b5 10. e5 Nd7 11. Nf1 a5 12. h4 b4 13. N1h2 a4 14. Ng4 a3 15. b3 Ba6 16. Bf4 Rfc8 17. Qd2 Qd8 18. Bg5 Ra7 19. Qf4 Rac7 20. h5 Nd4 21. Bxe7 Qxe7 22. Nxd4 cxd4 {1-0 (40) Petrosian,T (2625)-Stern,R (2538) Berlin 2015}) 7. e5 {[%emt 0:02:20]} Ne8 {[%emt 0:00:16]} 8. d4 {[%emt 0:00:44]} c5 {[%emt 0:03:56]} 9. c3 {[%emt 0:00:09]} cxd4 {[%emt 0:05:29]} 10. cxd4 {[%emt 0:00:05]} Nb8 $146 {[%emt 0:12:22]} (10... b6 11. Bf1 Nc7 12. Bd3 Ba6 {½-½ (72) Petersen,F (2325)-Nilsson,N (2255) Copenhagen 1983}) 11. O-O {[%emt 0:00:30]} Nc6 {[%emt 0:00:08]} 12. Re1 {[%emt 0:00:43]} Bd7 {[%emt 0:01:19]} 13. Nf1 {[%emt 0:00:37]} Qb6 {[%emt 0:01:16]} 14. h4 {[%emt 0:01:09]} Rc8 {[%emt 0:02:20]} 15. Ne3 {[%emt 0:09:15]} Nc7 {[%emt 0:01:32]} 16. Ng4 {[%emt 0:02:42]} Bb4 {[%emt 0:10:51]} 17. Bh6 $2 {[%emt 0:26:17]} (17. Re3 $14 {stays ahead.}) 17... Bxe1 {[%emt 0:19:37]} 18. Bxg7 {[%emt 0:00:23]} Bxf2+ {[%emt 0:02:32]} 19. Kxf2 {[%emt 0:01:36]} Qxb2+ {[%emt 0:03:34]} 20. Kg1 {[%emt 0:00:03]} Kxg7 {[%emt 0:00:56]} 21. Rb1 {[%emt 0:00:18]} Qc3 {[%emt 0:01:42]} 22. Rb3 {[%emt 0:01:50]} Qc4 {[%emt 0:03:35]} 23. Qd2 $17 {[%emt 0:03:00]} f5 {[%emt 0:04:01]} 24. Qh6+ {[%emt 0:00:16]} Kf7 {[%emt 0:00:32]} 25. Qxh7+ {[%emt 0:02:43]} Ke8 {[%emt 0:00:19]} 26. Nf6+ {[%emt 0:00:11]} Rxf6 {[%emt 0:00:20]} 27. exf6 {[%emt 0:00:02]} Qc1+ {[%emt 0:00:44]} 28. Kh2 {[%emt 0:00:02]} Kd8 {[%emt 0:00:42]} 29. Ne5 {[%emt 0:00:32]} Nxe5 {[%emt 0:00:23]} 30. Qe7# {[%emt 0:00:06]} 1-0

[Event "20th Heraklion IT Open 2017"]
[Site "Heraklion"]
[Date "2017.04.17"]
[Round "1"]
[White "Hristodoulaki, Antonia"]
[Black "Koutsourakis, Ioannis"]
[Result "1-0"]
[WhiteElo "1994"]
[BlackElo "1543"]
[Annotator "NA RC"]
[PlyCount "93"]
[EventDate "2017.??.??"]
[EventType "swiss"]
[EventCountry "GRE"]
[SourceTitle "playchess.com"]
[Source "ChessBase"]
[SourceQuality "1"]
[TimeControl "40/5400+30:1800+30"]

{[%evp 30,92,22,32767,0,-68,32767,32767,11,32767,32767,6,16,32767,32767,-34,-35,-71,0,0,0,-22,0,-22,0,-33,32767,32767,32767,32767,32767,6,32,14,43,41,62,30,83,75,83,69,110,95,118,68,137,117,197,209,210,210,223,200,227,221,321,292,245,331,32767,241,350,376,461]} 1. d4 {[%emt 0:02:33]} d5 {[%emt 0:00:09]} 2. c4 {[%emt 0:00:06]} c6 {[%emt 0:00:05]} 3. e3 {[%emt 0:03:41]} Nf6 {[%emt 0:03:37]} 4. Nf3 {[%emt 0:01:27]} e6 {[%emt 0:06:08]} 5. Bd3 {[%emt 0:04:03]} Be7 {[%emt 0:03:40]} 6. Nc3 {[%emt 0:01:34]} dxc4 {[%emt 0:05:12]} 7. Bxc4 {[%emt 0:00:48]} b5 {[%emt 0:01:36]} 8. Bd3 {[%emt 0:09:29]} Bb7 {[%emt 0:02:18]} 9. O-O {[%emt 0:06:12]} O-O {[%emt 0:01:17]} 10. Qc2 {[%emt 0:06:03] D45: Semi-Slav: 5 e3} h6 {[%emt 0:06:50]} 11. Rd1 {[%emt 0:07:56]} a6 $146 {[%emt 0:05:26]} (11... Na6 12. a3 Nc7 13. Ne4 Nxe4 14. Bxe4 Rc8 15. b4 {0-1 (52) Van der Berg,A-Grondsma,H Alkmaar 1985}) 12. Ne5 {[%emt 0:08:33]} Nbd7 {[%emt 0:05:24]} 13. a3 {[%emt 0:06:32]} Rc8 {[%emt 0:07:51]} 14. Nxd7 {[%emt 0:18:31]} Qxd7 {[%emt 0:00:59]} 15. Qe2 {[%emt 0:05:25]} Rfd8 {[%emt 0:07:11]} 16. Bc2 {[%emt 0:05:05]} Qc7 {[%emt 0:02:08]} 17. e4 {[%emt 0:01:01]} (17. b4 $11) 17... e5 {[%emt 0:18:20]} 18. dxe5 {[%emt 0:00:34]} Rxd1+ {[%emt 0:00:14]} 19. Nxd1 {[%emt 0:00:41]} Qxe5 {[%emt 0:00:28]} 20. f4 {[%emt 0:01:26]} Bc5+ {[%emt 0:08:55]} 21. Kf1 {[%emt 0:03:42]} Qe7 {[%emt 0:03:22]} 22. Nf2 {[%emt 0:01:33]} Re8 {[%emt 0:02:32]} 23. Be3 {[%emt 0:02:01] [#]} Bxe3 {[%emt 0:00:51]} (23... Nd5 $1 $15 {[%mdl 512]} 24. exd5 (24. Bxc5 Qxc5 25. Bb3 Nxf4 $17) 24... Bxe3) 24. Qxe3 {[%emt 0:00:02]} c5 {[%emt 0:01:27]} 25. Re1 {[%emt 0:00:40]} c4 {[%emt 0:01:44]} 26. Qc3 {[%emt 0:01:31]} Qc7 {[%emt 0:02:10]} 27. g3 {[%emt 0:00:54]} Qc6 {[%emt 0:01:39]} 28. Qd2 {[%emt 0:01:02]} Qd7 {[%emt 0:02:09]} 29. Qxd7 {[%emt 0:00:42]} Nxd7 {[%emt 0:00:01]} 30. e5 {[%emt 0:00:37]} Nc5 {[%emt 0:00:37]} 31. Rd1 {[%emt 0:00:28]} Bc6 {[%emt 0:01:01]} 32. Rd6 {[%emt 0:00:27]} Bb7 {[%emt 0:00:27]} 33. Ng4 {[%emt 0:00:33]} Kh8 {[%emt 0:00:37]} 34. Ne3 {[%emt 0:00:24]} Kg8 {[%emt 0:00:33]} 35. Nd5 {[%emt 0:00:33]} Bxd5 {[%emt 0:00:31]} 36. Rxd5 {[%emt 0:00:02]} Ne6 {[%emt 0:00:25]} 37. Rd6 {[%emt 0:00:32]} Nc5 {[%emt 0:00:17]} (37... g5 $1 $14) 38. Rc6 {[%emt 0:00:39]} Nd3 {[%emt 0:00:38]} (38... Ne6 $16 {is a better defense.}) 39. Bxd3 {[%emt 0:00:42]} ({But not} 39. Rxa6 $6 Nxb2 40. Ke2 Rd8 $16) 39... cxd3 {[%emt 0:00:02]} 40. Ke1 {[%emt 0:00:00]} Ra8 {[%emt 0:00:55]} 41. Kd2 {[%emt 0:00:55]} Kf8 {[%emt 0:00:16]} 42. Kxd3 {[%emt 0:00:38]} Ra7 {[%emt 0:00:39]} 43. Kc3 {[%emt 0:01:19]} Ke7 {[%emt 0:01:11]} 44. Kb4 {[%emt 0:03:30]} Rd7 {[%emt 0:02:02]} 45. Rc2 {[%emt 0:09:56]} ({Don't do} 45. Rxa6 Rd2 46. b3 (46. Kxb5 Rxb2+ 47. Kc4 Rxh2 $16) 46... Rxh2 47. Ra7+ Ke6 48. f5+ Kxf5 $18) 45... Ra7 {[%emt 0:02:27]} 46. Ka5 {[%emt 0:00:31]} Kd7 $18 {[%emt 0:01:33]} 47. Kb6 {[%emt 0:00:19]} 1-0

[Event "20th Heraklion IT Open 2017"]
[Site "Heraklion"]
[Date "2017.04.17"]
[Round "1"]
[White "Serpetsidaki, Eva"]
[Black "Damia, Angelo"]
[Result "0-1"]
[WhiteElo "1693"]
[BlackElo "2417"]
[Annotator "TA"]
[PlyCount "88"]
[EventDate "2017.??.??"]
[EventType "swiss"]
[EventCountry "GRE"]
[SourceTitle "playchess.com"]
[Source "ChessBase"]
[SourceQuality "1"]

{[%evp 7,88,10,16,-90,-90,-90,-93,-82,-89,-101,-63,-80,-74,-94,-87,-99,-89,-103,-78,-87,-68,-83,-86,-95,-81,-233,-229,-225,-14,-78,35,-361,-332,-711,-738,-694,-186,-163,-163,-161,-163,-179,-179,-175,-173,-167,-161,-263,-263,-252,-256,-241,-225,-254,-233,-446,-446,-446,-439,-425,-425,-29955,-29954,-29953,-29954,-5501,-4690,-29982,-29983,-29984,-29985,-29985,-29986,-29986,-29986,-29987,-29988,-29988,-29989,-29989,-29989,-29989,-29989]} 1. e4 c5 2. Nf3 a6 3. d4 cxd4 4. Nxd4 Nf6 {LiveBook: 187 Games} 5. e5 {B28: Sicilian: 2 Nf3 a6 (O'Kelly Variation)} (5. Nc3 $11) (5. Nc3 e5 6. Nde2 b5 7. Ng3 Bb7 8. Bg5 Bc5 9. Qf3 Nc6 10. Bxf6 Qxf6 11. Qxf6 gxf6 12. Nd5 O-O-O 13. c3 Ne7 14. Nxe7+ Bxe7 {0-1 (34) Azarov,S (2577)-Hou,Y (2649) Bastia 2016}) 5... Qa5+ $17 6. Nc3 Qxe5+ 7. Be2 {Black is better.} Nc6 8. Be3 d5 9. O-O Qd6 $146 (9... Qc7 10. Re1 e5 11. Bf3 Be7 12. Nxc6 bxc6 {½-½ (39) Lopez Forn,M (1987)-MacDonald,P (1949) Benidorm 2009}) 10. f4 e6 11. Qe1 Be7 12. Qg3 g6 13. Rad1 Bd7 14. Nxc6 Qxc6 15. Bd4 h5 16. f5 $2 (16. h3 $17 {keeps fighting.}) 16... gxf5 $19 17. Qe3 {and if Bxf6 works, White does fine.} O-O-O $2 (17... Rg8 $19 {Threatens to win with ...Ng4.} 18. h3 h4) 18. Rxf5 (18. b4 $1 $11 {keeps the balance.} Rdg8 {[#]} 19. Rxf5 $1 {[%mdl 512]} exf5 20. Qxe7) 18... Ne4 (18... exf5 $17 19. Qxe7 Rh6) 19. Nxd5 $2 {[%mdl 8192]} (19. Rxf7 $14 {is the one way to stay ahead.} Bg5 20. Qf3) 19... exd5 20. Rxd5 $2 (20. Rxf7 Bg5 21. Qd3) 20... Qxd5 21. Bxh8 Qxd1+ $2 ({Stronger than} 21... Qxa2 22. Qxe4 Qe6 23. Qxe6 (23. Be5 $2 f6 24. Bxa6 Bc6 25. Rxd8+ Bxd8 $19) 23... fxe6 24. Be5 $11) (21... Bc5 22. Rxd5 Bxe3+ 23. Kf1 Rxh8 24. Rxh5 Re8) 22. Bxd1 Bc5 23. Bd4 Bxd4 24. Qxd4 Bc6 $36 {[%mdl 2048] Black is really pushing.} 25. Qxd8+ Kxd8 26. Bxh5 Ke7 27. h4 (27. g3 {might work better.}) 27... Ng3 28. Bg4 f5 29. Bd1 f4 30. Kf2 Nf5 31. Bf3 $2 (31. c3) 31... Bxf3 (31... Nxh4 $2 32. Bxc6 bxc6 33. g3 fxg3+ 34. Kxg3 Nf5+ 35. Kf4 $19) 32. Kxf3 Nxh4+ 33. Kxf4 Nxg2+ {[%mdl 4096] Endgame KN-K3P} 34. Ke5 {[#]} (34. Ke4 $19 Kd6 35. Kd4) 34... Ne3 35. Kd4 Nxc2+ {KN-KPP} 36. Kc5 Kd7 37. b4 b5 {[%cal Bb7b5,Bb5a4][%mdl 32] Black mates.} 38. a4 bxa4 {KN-KP} 39. Kc4 Kc6 40. Kc3 Na3 41. Kb2 Nc4+ 42. Ka2 Kb5 43. Ka1 Kxb4 44. Ka2 a5 0-1

[Event "20th Heraklion IT Open 2017"]
[Site "Heraklion"]
[Date "2017.04.17"]
[Round "1"]
[White "Predeftakis, Georgios"]
[Black "Wallace, John Paul"]
[Result "0-1"]
[WhiteElo "1688"]
[BlackElo "2404"]
[Annotator "TA"]
[PlyCount "32"]
[EventDate "2017.??.??"]
[EventType "swiss"]
[EventCountry "GRE"]
[SourceTitle "playchess.com"]
[Source "ChessBase"]
[SourceQuality "1"]

1. d4 Nf6 2. Nf3 g6 3. c4 Bg7 4. Nc3 O-O 5. e4 d6 6. Bf4 Nbd7 7. Qd2 Re8 8. e5 Ng4 9. h3 dxe5 10. hxg4 exf4 11. O-O-O c5 12. Qxf4 cxd4 13. Ng5 Nf6 14. Nd5 e5 15. Qh2 Nxd5 16. Qxh7+ Kf8 0-1

[Event "20th Heraklion IT Open 2017"]
[Site "Heraklion"]
[Date "2017.04.17"]
[Round "1"]
[White "Stratigi, Evaggelia"]
[Black "Friedel, Marcus"]
[Result "0-1"]
[WhiteElo "1662"]
[BlackElo "2182"]
[Annotator "ChessBase"]
[PlyCount "66"]
[EventDate "2017.??.??"]
[EventType "swiss"]
[EventCountry "GRE"]
[SourceTitle "playchess.com"]
[Source "ChessBase"]
[SourceQuality "1"]
[TimeControl "40/5400+30:1800+30"]

1. e4 {[%emt 0:00:00]} g6 {[%emt 0:00:08]} 2. Nf3 {[%emt 0:00:04]} Bg7 {[%emt 0:00:08]} 3. d4 {[%emt 0:02:24]} d6 {[%emt 0:00:18]} 4. Bd3 {[%emt 0:03:34]} Nc6 {[%emt 0:05:00]} 5. c3 {[%emt 0:01:12]} Nf6 {[%emt 0:01:43]} 6. O-O {[%emt 0:00:29]} O-O {[%emt 0:00:56]} 7. Re1 {[%emt 0:01:50]} e5 {[%emt 0:00:48]} 8. h3 {[%emt 0:03:55]} Nd7 {[%emt 0:12:46]} 9. Bc2 {[%emt 0:09:08]} exd4 {[%emt 0:15:07]} 10. cxd4 {[%emt 0:01:43]} Nb4 {[%emt 0:00:18]} 11. Bb3 {[%emt 0:03:59]} c5 {[%emt 0:02:38]} 12. Bg5 {[%emt 0:14:05]} Qb6 {[%emt 0:09:53]} 13. e5 {[%emt 0:10:56]} cxd4 {[%emt 0:15:54]} 14. Be7 {[%emt 0:13:54]} Nxe5 {[%emt 0:02:03]} 15. Bxf8 {[%emt 0:04:55]} Kxf8 {[%emt 0:00:04]} 16. Nxe5 {[%emt 0:04:07]} dxe5 {[%emt 0:00:55]} 17. Qf3 {[%emt 0:03:23]} Qf6 {[%emt 0:04:23]} 18. Qe4 {[%emt 0:03:16]} Qf5 {[%emt 0:01:18]} 19. Qe2 {[%emt 0:03:01]} Qd3 {[%emt 0:05:39]} 20. Nd2 {[%emt 0:01:45]} Bd7 {[%emt 0:04:29]} 21. Nc4 {[%emt 0:01:38]} Bb5 {[%emt 0:02:00]} 22. Qxd3 {[%emt 0:03:13]} Nxd3 {[%emt 0:00:07]} 23. Re2 {[%emt 0:01:05]} Rd8 {[%emt 0:03:05]} 24. Rd1 {[%emt 0:01:43]} Nc5 {[%emt 0:00:10]} 25. Ree1 {[%emt 0:00:52]} e4 {[%emt 0:01:08]} 26. f3 {[%emt 0:01:31]} f5 {[%emt 0:07:07]} 27. Na3 {[%emt 0:01:34]} Ba6 {[%emt 0:00:56]} 28. Bc4 {[%emt 0:01:01]} Bxc4 {[%emt 0:02:31]} 29. Nxc4 {[%emt 0:00:04]} b5 {[%emt 0:01:27]} 30. Na3 {[%emt 0:00:14]} a6 {[%emt 0:00:25]} 31. fxe4 {[%emt 0:00:43]} Nxe4 {[%emt 0:00:25]} 32. Nb1 {[%emt 0:02:57]} d3 {[%emt 0:00:21]} 33. Re3 {[%emt 0:00:51]} Bd4 {[%emt 0:00:16]} 0-1

[Event "20th Heraklion IT Open 2017"]
[Site "Heraklion"]
[Date "2017.04.17"]
[Round "1"]
[White "Ioannidis, Efstratios Th"]
[Black "Mamoulakis, Eleftherios"]
[Result "0-1"]
[WhiteElo "1592"]
[BlackElo "2117"]
[Annotator "NA"]
[PlyCount "44"]
[EventDate "2017.??.??"]
[EventType "swiss"]
[EventCountry "GRE"]
[SourceTitle "playchess.com"]
[Source "ChessBase"]
[SourceQuality "1"]
[TimeControl "40/5400+30:1800+30"]

1. Nf3 {[%emt 0:00:00]} Nf6 {[%emt 0:00:08]} 2. c4 {[%emt 0:00:00]} e6 {[%emt 0:00:10]} 3. g3 {[%emt 0:00:15]} b6 {[%emt 0:00:16]} 4. Bg2 {[%emt 0:00:21]} Bb7 {[%emt 0:00:07]} 5. O-O {[%emt 0:01:00]} Be7 {[%emt 0:00:27]} 6. b3 O-O {[%emt 0:00:39]} 7. Bb2 {[%emt 0:05:39]} c5 {[%emt 0:00:25]} 8. Nc3 {[%emt 0:04:10]} d5 {[%emt 0:06:37]} 9. cxd5 {[%emt 0:03:47]} exd5 {[%emt 0:00:21]} 10. d4 {[%emt 0:01:15]} Nc6 {[%emt 0:01:18]} 11. e3 {[%emt 0:08:08]} a6 {[%emt 0:12:28]} 12. Rc1 {[%emt 0:16:55]} c4 {[%emt 0:04:13]} 13. Ne5 {[%emt 0:11:39]} b5 {[%emt 0:03:05]} 14. bxc4 {[%emt 0:07:17]} bxc4 {[%emt 0:00:13]} 15. e4 {[%emt 0:09:55]} Nxe5 {[%emt 0:12:32]} 16. dxe5 {[%emt 0:00:34]} Nxe4 {[%emt 0:00:11]} 17. Nxe4 {[%emt 0:00:44]} dxe4 {[%emt 0:00:11]} 18. Rxc4 {[%emt 0:02:11]} Qb6 {[%emt 0:04:18]} 19. Qb3 {[%emt 0:08:25]} Qxb3 {[%emt 0:02:53]} 20. axb3 {[%emt 0:00:14]} Bd5 {[%emt 0:00:27]} 21. Bxe4 {[%emt 0:08:48]} Bxc4 {[%emt 0:00:29]} 22. Bxa8 Bxf1 0-1